Blind Channel - Dark Side Lyrics - Statistics

General Stats
  • This quiz has been taken 46 times
  • The average score is 265 of 348
Answer Stats
Answer % Correct
a
100%
dark
100%
side
100%
fingers
97%
middle
97%
on
97%
Put
97%
shot,
97%
Take
97%
the
97%
up
97%
your
97%
don't
94%
Don't
94%
I
90%
living
90%
stop
90%
and
87%
life
87%
Life
87%
me
84%
I'm,
81%
I'm
81%
it
81%
ever
77%
in
77%
that
77%
my
74%
My
74%
throw
74%
follow
71%
wanna
71%
27
68%
all
68%
Club,
68%
Hands
68%
head
68%
like
68%
Like
68%
paradise
68%
we
68%
so
65%
waste
65%
cry,
61%
drinks
61%
Every
61%
of
61%
Of
61%
psycho
61%
saying
61%
scene
61%
another
58%
dangerous
58%
Just
58%
night
58%
paralyzed
58%
pitch-black
58%
save
58%
sick
58%
can't
55%
Empire
55%
freaks,
55%
get
55%
gotta
55%
prayers,
55%
they
55%
us
55%
body
52%
headshot,
52%
is
52%
keep
52%
grow
48%
Lifestyles
48%
loaded
45%
weapon,
45%
'Til
42%
exploded
39%
over
39%
place
39%
(hoo,
35%
hoo,
35%
hoo)
35%
misery
35%
sweetest
32%
tasted
32%
You're
32%
Digging
29%
for
29%
grave
29%
I've
29%
man-made
29%
things
29%
enemies
26%
myself
26%
cave
23%
wasted
23%
No matching quizzes found
Score Distribution
Percent of People with Each Score
Percentile by Number Answered
Your Score History
You have not taken this quiz